Enjuiciamiento civil / (Record no. 8173)

MARC details
000 -LEADER
campo de control de longitud fija 00920nam a2200277 i 4500
001 - NÚMERO DE CONTROL
campo de control 8173
003 - IDENTIFICADOR DE NÚMERO DE CONTROL
campo de control ES-MaACL
005 - FECHA Y HORA DE LA ÚLTIMA TRANSACCIÓN
campo de control 20250827062554.0
007 - CAMPO FIJO DE DESCRIPCIÓN FÍSICA--INFORMACIÓN GENERAL
campo de control de longitud fija t|
008 - DATOS DE LONGITUD FIJA--INFORMACIÓN GENERAL
campo de control de longitud fija 920302s1991 sp ||||1| spa d
020 ## - NÚMERO INTERNACIONAL ESTÁNDAR DEL LIBRO
Número Internacional Estándar del Libro 84-7398-916-3
080 ## - NÚMERO DE LA CLASIFICACIÓN DECIMAL UNIVERSAL
Número de la Clasificación Decimal Universal 347.91/95(46)(094.4)
110 1# - ENTRADA PRINCIPAL--NOMBRE DE ENTIDAD CORPORATIVA
Nombre de entidad corporativa o nombre de jurisdicción como elemento de entrada España
9 (RLIN) 3622
240 10 - TÍTULO UNIFORME
Título uniforme Ley de enjuiciamiento civil, 1881
245 10 - MENCIÓN DEL TÍTULO
Título Enjuiciamiento civil /
Mención de responsabilidad, etc. edición preparada por José Antonio Pajares Giménez y Javier Medina Guijarro.
250 ## - MENCION DE EDICION
Mención de edición [14ª ed.].
260 ## - PUBLICACIÓN, DISTRIBUCIÓN, ETC.
Lugar de publicación, distribución, etc. Madrid :
Nombre del editor, distribuidor, etc. Civitas,
Fecha de publicación, distribución, etc. 1991.
300 ## - DESCRIPCIÓN FÍSICA
Extensión 1147 p. ;
Dimensiones 16 cm.
490 1# - MENCIÓN DE SERIE
Mención de serie Biblioteca de legislación ;
Designación de volumen o secuencia 12
650 #4 - PUNTO DE ACCESO ADICIONAL DE MATERIA--TÉRMINO DE MATERIA
Término de materia o nombre geográfico como elemento de entrada Procedimiento civil-
Subdivisión geográfica España-
Subdivisión de forma Legislación.
9 (RLIN) 16422
700 1# - ENTRADA AGREGADA--NOMBRE PERSONAL
Nombre de persona Pajares Jiménez, José Antonio.
9 (RLIN) 88346
700 1# - ENTRADA AGREGADA--NOMBRE PERSONAL
Nombre de persona Medina Guijarro, Javier.
9 (RLIN) 79740
830 0# - PUNTO DE ACCESO ADICIONAL DE SERIE-TÍTULO UNIFORME
Título uniforme Biblioteca de legislación ;
Designación de volumen o secuencia 12
9 (RLIN) 177899
852 ## - LOCALIZACIÓN
Ubicación ES-MaACL
Número de control de estantería L-15390
Sublocalización o colección R.119845
Holdings
Estatus retirado Estado de pérdida Estado de daño No para préstamo Biblioteca de origen Biblioteca actual Ubicación en estantería Fecha de adquisición Fuente de adquisición Total de préstamos Signatura topográfica completa Código de barras Visto por última vez Precio de reemplazo Tipo de ítem Koha
        Biblioteca del Ateneo de Madrid Biblioteca del Ateneo de Madrid Depósito 2 17/01/2008     L-15390 1008336 23/02/2023 23/02/2023 Libro impreso